Musicians in Movies - Statistics

General Stats
  • This quiz has been taken 940 times
  • The average score is 12 of 16
Answer Stats
Picture Answer % Correct
Eminem
93%
Lady Gaga
91%
Will Smith
89%
David Bowie
87%
Ariana Grande
80%
Cher
80%
Jamie Foxx
75%
Madonna
74%
Justin Timberlake
71%
Olivia Newton-John
71%
Nick Jonas
65%
Sting
59%
Lenny Kravitz
58%
Childish Gambino
57%
Harry Styles
54%
Meat Loaf
47%
No matching quizzes found
Score Distribution
Percent of People with Each Score
Percentile by Number Answered
Your Score History
You have not taken this quiz